| 000 | 01362cam a22003257a 4500 | ||
|---|---|---|---|
| 001 | 15164241 | ||
| 005 | 20080726111203.0 | ||
| 008 | 080201s2008 enka b 001 0 eng | ||
| 010 | _a 2008922190 | ||
| 015 |
_aGBA809365 _2bnb |
||
| 016 | 7 |
_a014500738 _2Uk |
|
| 020 | _a9781848001404 (pbk.) | ||
| 020 | _a9781848001411 (E- ISBN) | ||
| 035 | _a(OCoLC)ocn191244389 | ||
| 040 |
_aUKM _cUKM _dYDXCP _dBTCTA _dBAKER _dOHX _dC#P _dBWX _dDLC |
||
| 042 | _alccopycat | ||
| 050 | 0 | 0 |
_aT385 _b.P3676 2008 |
| 082 | 0 | 4 |
_222 _a006.6 _bPAQ |
| 100 | 1 |
_aPaquette, Andrew. _93614 |
|
| 245 | 1 | 0 |
_aComputer graphics for artists : _bAn introduction / _cAndrew Paquette. |
| 260 |
_aLondon : _bSpringer, _cc2008. |
||
| 300 |
_axviii, 266 p. : _bcol. ill. ; _c24 cm. |
||
| 504 | _aIncludes bibliographical references and index. | ||
| 650 | 0 |
_aComputer graphics. _93615 |
|
| 856 | 4 | 1 |
_3Table of contents _uhttp://www.loc.gov/catdir/toc/fy0804/2008922190.html |
| 942 |
_2ddc _cBB |
||
| 999 |
_c11287 _d11287 |
||